[Event "II Torneo A"]
[Site "Andria ITA"]
[Date "1998.05.01"]
[Round "1"]
[White "Coratella, Giuseppe"]
[Black "Cassano, Felice"]
[Result "0-1"]
[WhiteElo "1882"]
[BlackElo "1760"]
[PlyCount "100"]
[EventDate "1998.05.01"]

1. e4 c5 2. Nf3 Nc6 3. d4 cxd4 4. Nxd4 Nf6 5. Nc3 e5 6. Ndb5 d6 7. Bg5 a6 8.
Na3 b5 9. Bxf6 gxf6 10. Nd5 Bg7 11. c3 f5 12. exf5 Bxf5 13. Nc2 O-O 14. Nce3
Be6 15. g3 Rb8 16. Bg2 Ne7 17. O-O f5 18. Qh5 Ng6 19. Nb4 Qc8 20. Rad1 f4 21.
Ned5 Rf7 22. h3 Kh8 23. Kh2 Bd7 24. Nd3 Qf8 25. Be4 fxg3+ 26. Kxg3 Bf5 27. Qe2
Nf4 28. N5xf4 exf4+ 29. Kh2 f3 30. Qxf3 Bxe4 31. Qxe4 Re8 32. Qg4 Rf3 33. Rg1
Rf6 34. f4 Re3 35. Rg3 Re7 36. Rdg1 Rg6 37. Qf3 Rxg3 38. Rxg3 Qe8 39. Nf2 Re2
40. Rg2 Rxb2 41. Ne4 Rxg2+ 42. Kxg2 Qg8 43. Kf1 Qxa2 44. Nxd6 Qa1+ 45. Kf2 Qb2+
46. Kg3 Qxc3 47. Nf7+ Kg8 48. Nh6+ Kf8 49. Nf5 Qxf3+ 50. Kxf3 b4 0-1

[Event "II Torneo A"]
[Site "Andria ITA"]
[Date "1998.05.01"]
[Round "1"]
[White "Di Lascio, Savino"]
[Black "Palma, Antonio"]
[Result "1-0"]
[WhiteElo "1864"]
[BlackElo "1681"]
[PlyCount "79"]
[EventDate "1998.05.01"]

1. Nf3 d5 2. g3 c5 3. Bg2 Nc6 4. O-O e6 5. d3 Bd6 6. e4 Nge7 7. Nbd2 O-O 8. c3
d4 9. a4 Qc7 10. Nc4 e5 11. h3 f6 12. Nh2 Be6 13. Nxd6 Qxd6 14. c4 Qd7 15. g4
Ng6 16. a5 b6 17. Bd2 Rfb8 18. f4 exf4 19. Bxf4 Nxf4 20. Rxf4 Ne5 21. Rf2 b5
22. cxb5 Rxb5 23. Nf3 Rab8 24. Nxe5 fxe5 25. Qc1 Qe7 26. Kh2 Qh4 27. Qe1 Qh6
28. Qc1 Qxc1 29. Rxc1 Rxa5 30. Rfc2 Rbb5 31. Kg3 Bb3 32. Rf2 Rb4 33. g5 c4 34.
Rcf1 Rb8 35. dxc4 Bxc4 36. Rc1 Be6 37. Bf1 Rb3+ 38. Kh4 Re3 39. Rc8+ Bxc8 40.
Bc4+ 1-0

[Event "II Torneo A"]
[Site "Andria ITA"]
[Date "1998.05.01"]
[Round "1"]
[White "Garofalo, Massimo"]
[Black "Cucinella, Vincenzo"]
[Result "0-1"]
[WhiteElo "1777"]
[BlackElo "1971"]
[PlyCount "79"]
[EventDate "1998.05.01"]

1. e4 c5 2. Nf3 e6 3. d4 cxd4 4. Nxd4 Nc6 5. c3 Qc7 6. g3 a6 7. Bg2 Nf6 8. Bg5
h5 9. Nxc6 bxc6 10. Bxf6 gxf6 11. O-O h4 12. Nd2 hxg3 13. hxg3 a5 14. Qf3 Be7
15. b4 Ba6 16. Rfb1 Qe5 17. Bf1 Bxf1 18. Nxf1 axb4 19. cxb4 Bxb4 20. a3 Bc5 21.
Nd2 Ke7 22. a4 Rh3 23. Kg2 Rah8 24. Nf1 Rh1 25. a5 Qg5 26. a6 Qh6 27. g4 Bd6
28. Qe3 Rg1+ 29. Kf3 Qh3+ 30. Ke2 Qxg4+ 31. Qf3 Qg5 32. a7 Ra8 33. Rb7 Qc5 34.
Qd3 Rg2 35. Ne3 Qh5+ 36. Ke1 Rg1+ 37. Nf1 Qe5 38. Rd1 Qa5+ 39. Ke2 Qc5 40. Rc1
0-1

[Event "II Torneo A"]
[Site "Andria ITA"]
[Date "1998.05.01"]
[Round "1"]
[White "Genocchio, Daniele"]
[Black "Crudele, Michele"]
[Result "1-0"]
[WhiteElo "2155"]
[BlackElo "1794"]
[PlyCount "81"]
[EventDate "1998.05.01"]

1. e4 e6 2. d4 d5 3. e5 c5 4. c3 Nc6 5. Be3 Bd7 6. Nf3 Qb6 7. Qd2 Rc8 8. Be2
cxd4 9. cxd4 Bb4 10. Nc3 Nge7 11. O-O O-O 12. Bd3 Ng6 13. h4 f5 14. exf6 gxf6
15. Qe2 Bxc3 16. bxc3 Rf7 17. Nd2 Nxh4 18. Qg4+ Ng6 19. Bxg6 Rg7 20. Bxh7+ Kxh7
21. Qh4+ Kg6 22. Rab1 Qa6 23. c4 Rcg8 24. cxd5 exd5 25. Qh6+ Kf7 26. Qh5+ Ke7
27. g3 Be6 28. Bh6 Rg4 29. Rfe1 Kd7 30. Rxb7+ Qxb7 31. Nb3 Qb8 32. Nc5+ Kc8 33.
Nxe6 Rxg3+ 34. Kh1 R3g4 35. Nc5 R4g6 36. Qf5+ Kc7 37. Qd7+ Kb6 38. Rb1+ Ka5 39.
Bd2+ Nb4 40. Bxb4+ Qxb4 41. Qxa7+ 1-0

[Event "II Torneo A"]
[Site "Andria ITA"]
[Date "1998.05.01"]
[Round "1"]
[White "Guerra, Vito Rocco"]
[Black "Fiore, Mario"]
[Result "1/2-1/2"]
[WhiteElo "1801"]
[BlackElo "2330"]
[PlyCount "73"]
[EventDate "1998.05.01"]

1. d4 Nf6 2. c4 e6 3. Nf3 b6 4. g3 Ba6 5. b3 Bb7 6. Bg2 Bb4+ 7. Bd2 a5 8. a3
Be7 9. Bc3 c6 10. O-O d5 11. cxd5 cxd5 12. Ne5 O-O 13. Nd2 Na6 14. Bb2 Bd6 15.
Rc1 Qe7 16. Nb1 Rfc8 17. e3 b5 18. f3 b4 19. a4 Rxc1 20. Qxc1 Rc8 21. Qd2 Bxe5
22. dxe5 Nd7 23. Rc1 Nac5 24. Qd1 Ba6 25. Bf1 Qd8 26. Bxa6 Nxa6 27. Rxc8 Qxc8
28. Qd3 Nac5 29. Qc2 Qa6 30. Bd4 Qd3 31. Qxd3 Nxd3 32. f4 N3c5 33. Nd2 h5 34.
Kg2 Ne4 35. Nxe4 dxe4 36. Kh3 Kh7 37. Kh4 1/2-1/2

[Event "II Torneo A"]
[Site "Andria ITA"]
[Date "1998.05.01"]
[Round "1"]
[White "Laketic, Gojko"]
[Black "Puglisi, Vincenzo"]
[Result "1-0"]
[WhiteElo "2405"]
[BlackElo "1849"]
[PlyCount "89"]
[EventDate "1998.05.01"]

1. d4 d6 2. Nf3 Nf6 3. c4 g6 4. Nc3 Bg7 5. e4 O-O 6. Be2 e5 7. d5 h6 8. O-O Nh7
9. Ne1 f5 10. b4 Nd7 11. Rb1 Ndf6 12. f3 f4 13. c5 Ne8 14. Nd3 Qh4 15. Bd2 g5
16. Rc1 Bd7 17. Nf2 Nhf6 18. Be1 Qh5 19. a4 Qg6 20. a5 h5 21. h3 Bh6 22. Rc2
Kh8 23. c6 bxc6 24. dxc6 Be6 25. Rb2 Rg8 26. b5 g4 27. fxg4 hxg4 28. Bxg4 Nxg4
29. Nxg4 Nf6 30. Nxf6 Qxf6 31. Nd5 Bxd5 32. Qxd5 f3 33. Qd3 Raf8 34. b6 axb6
35. axb6 cxb6 36. c7 Qf4 37. Qxd6 Qe3+ 38. Kh2 Rxg2+ 39. Rxg2 Bf4+ 40. Rg3 Qe2+
41. Kg1 Bxg3 42. Qxf8+ Kh7 43. Qf7+ Kh6 44. Qe6+ Kh7 45. Qd7+ 1-0

[Event "II Torneo A"]
[Site "Andria ITA"]
[Date "1998.05.01"]
[Round "1"]
[White "Rotelli, Pietro"]
[Black "Capitelli, Paolo"]
[Result "1-0"]
[WhiteElo "1734"]
[BlackElo "1872"]
[PlyCount "102"]
[EventDate "1998.05.01"]

1. d4 Nf6 2. Nf3 g6 3. c4 Bg7 4. Nc3 d6 5. e4 O-O 6. Be2 e5 7. dxe5 dxe5 8. O-O
c6 9. Bg5 h6 10. Bh4 Qe7 11. h3 g5 12. Bg3 Rd8 13. Qc2 Nbd7 14. Rad1 Nh5 15.
Bxe5 Nxe5 16. Rxd8+ Qxd8 17. Nxe5 Nf4 18. Nd3 Nxe2+ 19. Nxe2 Qc7 20. Ng3 Be6
21. Nf5 Bxf5 22. exf5 Rd8 23. Re1 Qd6 24. Rd1 Qd4 25. b3 Re8 26. Ne1 Qc5 27.
Nf3 Bf6 28. g4 Kg7 29. Kg2 a5 30. a4 b5 31. axb5 cxb5 32. Rd5 Qc6 33. Rxb5 Re4
34. Rxa5 h5 35. Rd5 Qe8 36. gxh5 g4 37. hxg4 Rxg4+ 38. Kf1 Qa8 39. Qd1 Re4 40.
Qc1 Qh8 41. h6+ Kh7 42. Ng5+ Bxg5 43. Qxg5 Qa1+ 44. Kg2 Re1 45. Qg7+ Qxg7+ 46.
hxg7 Kxg7 47. c5 Rb1 48. Rd3 Rc1 49. b4 Kf6 50. Rd5 Ke7 51. b5 Rb1 1-0

[Event "II Torneo A"]
[Site "Andria ITA"]
[Date "1998.05.01"]
[Round "2"]
[White "Capitelli, Paolo"]
[Black "Guerra, Vito Rocco"]
[Result "1/2-1/2"]
[WhiteElo "1872"]
[BlackElo "1801"]
[PlyCount "87"]
[EventDate "1998.05.01"]

1. e4 c5 2. Nf3 e6 3. d4 cxd4 4. Nxd4 Nc6 5. Nb5 d6 6. c4 Nf6 7. N1c3 a6 8. Na3
Be7 9. Be3 O-O 10. Be2 Qc7 11. O-O Ne5 12. f3 b6 13. Qb3 Rb8 14. Rac1 Ned7 15.
Rfd1 Nc5 16. Qc2 Rd8 17. Nab1 Bb7 18. b4 Ncd7 19. a3 Rbc8 20. Qb3 Bf8 21. Na4
Be7 22. Bd4 d5 23. exd5 exd5 24. c5 b5 25. Nb2 Ne5 26. Nc3 Nc4 27. g3 Nh5 28.
Kg2 Re8 29. a4 Bc6 30. axb5 axb5 31. Ra1 Bf6 32. Bxf6 Nxf6 33. Nxc4 dxc4 34.
Qb1 Re3 35. Qc1 Qe5 36. Ra3 Rxe2+ 37. Nxe2 Qxe2+ 38. Kg1 Bxf3 39. Rd2 Qe4 40.
Qf1 Bg4 41. Rda2 Qd4+ 42. Qf2 Qd1+ 43. Qf1 Qd5 44. Qf2 1/2-1/2

[Event "II Torneo A"]
[Site "Andria ITA"]
[Date "1998.05.01"]
[Round "2"]
[White "Cassano, Felice"]
[Black "Laketic, Gojko"]
[Result "0-1"]
[WhiteElo "1760"]
[BlackElo "2405"]
[PlyCount "60"]
[EventDate "1998.05.01"]

1. c4 e5 2. Nc3 Bb4 3. Nd5 a5 4. a3 Bc5 5. d3 c6 6. Nc3 d6 7. g3 f5 8. Bg2 Nf6
9. Nf3 Qe7 10. O-O O-O 11. Bg5 h6 12. Bd2 e4 13. Nh4 e3 14. Bc1 exf2+ 15. Kh1
Qf7 16. d4 Ba7 17. b3 g5 18. Nf3 Ne4 19. Bb2 Nd7 20. e3 Ndf6 21. Qc2 Nxg3+ 22.
hxg3 Qh5+ 23. Nh4 gxh4 24. g4 Nxg4 25. Qe2 Bd7 26. Nd1 Rae8 27. Nxf2 Rxe3 28.
Qd1 h3 29. Bf3 Qh4 30. Bc1 Qxf2 0-1

[Event "II Torneo A"]
[Site "Andria ITA"]
[Date "1998.05.01"]
[Round "2"]
[White "Crudele, Michele"]
[Black "Fiore, Mario"]
[Result "0-1"]
[WhiteElo "1794"]
[BlackElo "2330"]
[PlyCount "70"]
[EventDate "1998.05.01"]

1. Nf3 Nf6 2. d4 e6 3. g3 c5 4. e3 d5 5. Bg2 Nc6 6. O-O Bd6 7. b3 O-O 8. Bb2
cxd4 9. exd4 b6 10. Nbd2 Qe7 11. Re1 Ba3 12. Qc1 Bxb2 13. Qxb2 Bb7 14. Nf1 Rac8
15. Ne3 Rfd8 16. Rad1 Qd6 17. c4 Na5 18. Ne5 dxc4 19. Bxb7 c3 20. Qc2 Nxb7 21.
Rd3 Nc5 22. Rxc3 Qxd4 23. Nf3 Qd7 24. Rc1 Qb7 25. b4 Qxf3 26. bxc5 Ne4 27. c6
Rd2 28. Qxd2 Nxd2 29. Rd3 Ne4 30. c7 Qxf2+ 31. Kh1 Qf6 32. Rd7 Nc5 33. Rd2 Rxc7
34. Rf1 Qe7 35. Rc2 Qd6 0-1

[Event "II Torneo A"]
[Site "Andria ITA"]
[Date "1998.05.01"]
[Round "2"]
[White "Cucinella, Vincenzo"]
[Black "Genocchio, Daniele"]
[Result "0-1"]
[WhiteElo "1971"]
[BlackElo "2155"]
[PlyCount "74"]
[EventDate "1998.05.01"]

1. Nf3 f5 2. d3 d6 3. e4 Nf6 4. Nc3 e5 5. Be2 Be7 6. O-O O-O 7. Bg5 Nc6 8. Bxf6
Bxf6 9. Nd5 Be6 10. c4 a5 11. Qd2 fxe4 12. dxe4 Bg4 13. Ne3 Bxf3 14. Bxf3 Nd4
15. Bg4 Bg5 16. Qd3 Bxe3 17. fxe3 Nc6 18. Rxf8+ Qxf8 19. Rf1 Qd8 20. Qd5+ Kh8
21. Qf7 Ne7 22. h4 Ng8 23. Bf5 Nh6 24. Qh5 Qe8 25. Qg5 a4 26. c5 Qc6 27. Qe7
Ng8 28. Qg5 dxc5 29. Rd1 Nf6 30. h5 h6 31. Qh4 Qe8 32. Bg6 Qe7 33. Rf1 Rd8 34.
Rf2 c4 35. b3 b5 36. g4 c5 37. Qg3 b4 0-1

[Event "II Torneo A"]
[Site "Andria ITA"]
[Date "1998.05.01"]
[Round "2"]
[White "Palma, Antonio"]
[Black "Coratella, Giuseppe"]
[Result "0-1"]
[WhiteElo "1681"]
[BlackElo "1882"]
[PlyCount "60"]
[EventDate "1998.05.01"]

1. d4 Nf6 2. c4 g6 3. Nf3 Bg7 4. g3 O-O 5. Bg2 d5 6. cxd5 Nxd5 7. e4 Nb6 8. O-O
Bg4 9. Be3 Nc6 10. e5 Qd7 11. Nc3 Rfd8 12. Ne2 a5 13. Rc1 a4 14. Qc2 a3 15. b3
Nd5 16. Qd2 Ndb4 17. Rc4 Nd5 18. Rd1 Be6 19. Rc5 Nxe3 20. fxe3 Bh6 21. Kh1 Bg4
22. Qc3 Bg7 23. Rc1 Bf8 24. Rf1 Bh3 25. Nd2 Bxg2+ 26. Kxg2 Qg4 27. Rf3 Qd7 28.
Qc4 Nxe5 29. dxe5 Qxd2 30. Rxf7 Kh8 0-1

[Event "II Torneo A"]
[Site "Andria ITA"]
[Date "1998.05.01"]
[Round "2"]
[White "Puglisi, Vincenzo"]
[Black "Garofalo, Massimo"]
[Result "0-1"]
[WhiteElo "1849"]
[BlackElo "1777"]
[PlyCount "62"]
[EventDate "1998.05.01"]

1. e4 c5 2. Nf3 d6 3. d4 cxd4 4. Nxd4 Nf6 5. Nc3 Nc6 6. Bc4 e6 7. Bb3 Be7 8.
Be3 Qa5 9. O-O a6 10. f4 Qc7 11. f5 Nxd4 12. Bxd4 O-O 13. g4 Qc6 14. Qf3 exf5
15. gxf5 Bd7 16. Kh1 Rae8 17. Rg1 Kh8 18. Rxg7 d5 19. Rxh7+ Kxh7 20. Qh3+ Nh5
21. Rg1 Qh6 22. Be3 Nf4 23. Qxh6+ Kxh6 24. Bxf4+ Kh7 25. Nxd5 Bd8 26. Bg5 f6
27. Bf4 Rxe4 28. Bd6 Rfe8 29. Kg2 Rd4 30. c4 b5 31. cxb5 axb5 0-1

[Event "II Torneo A"]
[Site "Andria ITA"]
[Date "1998.05.01"]
[Round "2"]
[White "Rotelli, Pietro"]
[Black "Di Lascio, Savino"]
[Result "0-1"]
[WhiteElo "1734"]
[BlackElo "1864"]
[PlyCount "112"]
[EventDate "1998.05.01"]

1. d4 Nf6 2. Nf3 b6 3. c4 e6 4. Nc3 Bb4 5. Bd2 O-O 6. e3 Bb7 7. Bd3 d5 8. cxd5
exd5 9. O-O Nbd7 10. Rc1 a6 11. a3 Bd6 12. Qc2 c5 13. dxc5 bxc5 14. Bf5 g6 15.
Bxd7 Qxd7 16. Na4 Qc7 17. Nxc5 Rac8 18. b4 Ne4 19. Qb2 Bxc5 20. bxc5 Bc6 21.
Qb6 Qxb6 22. cxb6 Nxd2 23. Nxd2 Bb5 24. Rfe1 Rb8 25. Rb1 Rfc8 26. Rb4 Rc2 27.
Rd4 Rxb6 28. Rxd5 Ra2 29. h3 Rxa3 30. Rb1 Rc6 31. Nf3 Bd3 32. Rb8+ Kg7 33. Ne5
Rc1+ 34. Kh2 Bf5 35. Rb7 Be6 36. Rd6 Kf8 37. Nxf7 Bc8 38. Rd8+ Kg7 39. Nd6+
Bxb7 40. Rd7+ Kh6 41. Rxb7 Rc2 42. Nf7+ Kh5 43. Kg3 Raa2 44. Nd6 h6 45. Ne4 Rc6
46. Kf3 g5 47. Rg7 Ra5 48. Ng3+ Kh4 49. Ne4 Ra2 50. Nxg5 Rf6+ 51. Ke4 Raxf2 52.
Nf3+ R2xf3 53. Rg4+ Kh5 54. gxf3 a5 55. f4 a4 56. Kf3 a3 0-1

[Event "II Torneo A"]
[Site "Andria ITA"]
[Date "1998.05.02"]
[Round "3"]
[White "Coratella, Giuseppe"]
[Black "Rotelli, Pietro"]
[Result "1-0"]
[WhiteElo "1882"]
[BlackElo "1734"]
[PlyCount "89"]
[EventDate "1998.05.01"]

1. e4 c6 2. d4 d5 3. Nc3 dxe4 4. Nxe4 Nd7 5. Nf3 Ngf6 6. Neg5 h6 7. Ne6 fxe6 8.
Bd3 Qa5+ 9. c3 g5 10. Bg6+ Kd8 11. O-O Bg7 12. b4 Qd5 13. Qe2 b5 14. Rd1 Kc7
15. h4 Nf8 16. Bd3 a6 17. a4 Bb7 18. c4 Qd8 19. Bb2 N6d7 20. cxb5 axb5 21. Rdc1
Rxa4 22. Rxa4 bxa4 23. b5 Qa8 24. bxc6 Bxc6 25. Bb5 Nb8 26. Ne5 Bxe5 27. Qxe5+
Kb6 28. Bxc6 Nxc6 29. Qxh8 a3 30. Ba1 Qd8 31. Qxh6 gxh4 32. d5 Qxd5 33. Qxf8 h3
34. Qf3 hxg2 35. Qxd5 exd5 36. Kxg2 d4 37. Kf3 e6 38. Ke4 e5 39. Rb1+ Kc5 40.
Rb3 a2 41. Ra3 Nb4 42. Kxe5 d3 43. Bc3 Kc4 44. Bxb4 Kxb4 45. Rxa2 1-0

[Event "II Torneo A"]
[Site "Andria ITA"]
[Date "1998.05.02"]
[Round "3"]
[White "Crudele, Michele"]
[Black "Palma, Antonio"]
[Result "1-0"]
[WhiteElo "1794"]
[BlackElo "1681"]
[PlyCount "125"]
[EventDate "1998.05.01"]

1. b3 Nf6 2. Nf3 g6 3. Bb2 Bg7 4. d3 d5 5. Nbd2 c5 6. g3 Nc6 7. Bg2 O-O 8. O-O
Qc7 9. Re1 e5 10. e4 d4 11. h3 h6 12. Nf1 Be6 13. N3h2 Qd7 14. g4 Rac8 15. f3
b5 16. a4 a6 17. Ba3 Ne7 18. Bc1 Qc7 19. Re2 Nd7 20. Ng3 g5 21. Nf5 Ng6 22. Nf1
Bxf5 23. gxf5 Nf4 24. Rf2 f6 25. Nd2 Rfd8 26. Bf1 Qc6 27. Bb2 Nb6 28. a5 Nd7
29. Rh2 Rc7 30. Be2 Rdc8 31. Nf1 Qb7 32. Rb1 Qa7 33. Bc1 Rc6 34. Ng3 Qc7 35.
Bd2 c4 36. b4 cxd3 37. cxd3 Bf8 38. h4 Rc2 39. hxg5 hxg5 40. Nh5 Qd6 41. Nxf4
exf4 42. Qe1 Ne5 43. Bd1 R2c7 44. Bb3+ Rc4 45. Qf1 Kf7 46. Rh7+ Ke8 47. dxc4
bxc4 48. Ba4+ Kd8 49. b5 c3 50. Be1 d3 51. Bf2 Nxf3+ 52. Kg2 Nd2 53. Qg1 Nxb1
54. Bb6+ Ke8 55. bxa6+ Rc6 56. a7 f3+ 57. Kh1 Be7 58. a8=Q+ Bd8 59. Bxc6+ Kf8
60. Bxd8 Kg8 61. Bc7+ Kxh7 62. Bxd6 Kh6 63. Qh8# 1-0

[Event "II Torneo A"]
[Site "Andria ITA"]
[Date "1998.05.02"]
[Round "3"]
[White "Fiore, Mario"]
[Black "Di Lascio, Savino"]
[Result "1-0"]
[WhiteElo "2330"]
[BlackElo "1864"]
[PlyCount "109"]
[EventDate "1998.05.01"]

1. e4 c6 2. d4 d5 3. exd5 cxd5 4. c4 Nf6 5. Nc3 Nc6 6. Bg5 Qa5 7. Bxf6 exf6 8.
c5 Bxc5 9. dxc5 d4 10. Rc1 O-O 11. Bd3 Be6 12. Nge2 dxc3 13. Rxc3 Nb4 14. O-O
Rfd8 15. Nd4 Nxd3 16. Rxd3 Bc4 17. b4 Qxb4 18. Nc6 Rxd3 19. Nxb4 Rxd1 20. Rxd1
a5 21. Rd4 axb4 22. Rxc4 Rxa2 23. g3 Ra4 24. Rd4 Kf8 25. Rd7 Ke8 26. Rxb7 Kd8
27. Rxf7 Kc8 28. c6 b3 29. Rb7 Ra1+ 30. Kg2 Rb1 31. Rxg7 Rc1 32. Rb7 Rc3 33. g4
Rd3 34. h4 Rc3 35. f3 h6 36. Kg3 Kd8 37. Kf4 Kc8 38. Ke4 Kd8 39. h5 Kc8 40. f4
Kd8 41. Kf5 Kc8 42. Rb4 Kc7 43. Kxf6 Rxc6+ 44. Kg7 Rb6 45. Rxb3 Rxb3 46. Kxh6
Kd8 47. g5 Ke8 48. Kg7 Rb7+ 49. Kh6 Rf7 50. g6 Rxf4 51. Kg7 Rg4 52. h6 Ke7 53.
h7 Ke6 54. h8=Q Kf5 55. Qc8+ 1-0

[Event "II Torneo A"]
[Site "Andria ITA"]
[Date "1998.05.02"]
[Round "3"]
[White "Garofalo, Massimo"]
[Black "Cassano, Felice"]
[Result "1/2-1/2"]
[WhiteElo "1777"]
[BlackElo "1760"]
[PlyCount "57"]
[EventDate "1998.05.01"]

1. e4 c5 2. Nf3 Nc6 3. d4 cxd4 4. Nxd4 Nf6 5. Nc3 e5 6. Nxc6 bxc6 7. a3 Be7 8.
f4 Qa5 9. Bd2 exf4 10. Bd3 Qb6 11. Na4 Qd4 12. Nc3 d5 13. exd5 Nxd5 14. Nxd5
Bh4+ 15. g3 Qxd5 16. Qe2+ Be6 17. Be4 fxg3 18. Bxd5 g2+ 19. Kd1 gxh1=Q+ 20.
Bxh1 O-O 21. Be4 Bf6 22. Bc3 Rad8+ 23. Bd3 Bg5 24. Qe4 g6 25. Qe5 Bg4+ 26. Ke1
Rfe8 27. Kf2 Bh4+ 28. Kg2 Rxe5 29. Bxe5 1/2-1/2

[Event "II Torneo A"]
[Site "Andria ITA"]
[Date "1998.05.02"]
[Round "3"]
[White "Guerra, Vito Rocco"]
[Black "Cucinella, Vincenzo"]
[Result "1-0"]
[WhiteElo "1801"]
[BlackElo "1971"]
[PlyCount "77"]
[EventDate "1998.05.01"]

1. d4 Nf6 2. c4 g6 3. Nc3 Bg7 4. e4 d6 5. f3 c6 6. Be3 a6 7. a4 a5 8. Bd3 Na6
9. Nge2 O-O 10. O-O Nd7 11. Qd2 Re8 12. Rad1 e5 13. Bc2 Nb4 14. d5 Qe7 15. Bb1
Bf8 16. Bg5 f6 17. Be3 c5 18. Nb5 Qd8 19. b3 Nb6 20. g4 Bd7 21. Nbc3 Bg7 22.
Ng3 Rf8 23. Kg2 Rf7 24. Rh1 Nc8 25. h4 Ne7 26. h5 f5 27. hxg6 hxg6 28. gxf5
gxf5 29. Bg5 f4 30. Nf5 Bxf5 31. exf5 Qd7 32. Bxe7 Qxe7 33. Rdg1 e4 34. Nxe4
Rxf5 35. Kf1 Raf8 36. Qh2 Qe5 37. Qh7+ Kf7 38. Rxg7+ Qxg7 39. Nxd6+ 1-0

[Event "II Torneo A"]
[Site "Andria ITA"]
[Date "1998.05.02"]
[Round "3"]
[White "Laketic, Gojko"]
[Black "Genocchio, Daniele"]
[Result "1-0"]
[WhiteElo "2405"]
[BlackElo "2155"]
[PlyCount "83"]
[EventDate "1998.05.01"]

1. d4 Nf6 2. c4 c5 3. d5 e6 4. Nc3 exd5 5. cxd5 d6 6. e4 g6 7. Be2 Bg7 8. Nf3
O-O 9. O-O Re8 10. Nd2 Nbd7 11. Re1 a6 12. a4 b6 13. h3 Rb8 14. Rb1 g5 15. Nc4
Nxe4 16. Nxe4 Rxe4 17. Nxd6 Rd4 18. Qb3 Rb4 19. Qc2 Ne5 20. Nxc8 Rxc8 21. Bxa6
Ra8 22. Bb5 Qxd5 23. Rd1 Rd4 24. Be3 g4 25. Bxd4 cxd4 26. hxg4 Rd8 27. Qf5 d3
28. Rd2 Rd6 29. Rbd1 Bh6 30. Rxd3 Nxd3 31. Qxd5 Rxd5 32. Bxd3 Kf8 33. b3 Bg7
34. g3 Bc3 35. f4 h6 36. Kg2 Ke7 37. Kf3 Kd6 38. Ke2 Kc5 39. Rh1 Bg7 40. Bc4
Rd7 41. Rh5+ Kd4 42. Rf5 1-0

[Event "II Torneo A"]
[Site "Andria ITA"]
[Date "1998.05.02"]
[Round "4"]
[White "Cassano, Felice"]
[Black "Crudele, Michele"]
[Result "0-1"]
[WhiteElo "1760"]
[BlackElo "1794"]
[PlyCount "70"]
[EventDate "1998.05.01"]

1. c4 c6 2. Nc3 e6 3. d4 d5 4. cxd5 exd5 5. Nf3 Bd6 6. Bg5 f6 7. Bh4 Ne7 8. e3
Bg4 9. Be2 Nd7 10. Bg3 Nf5 11. Bxd6 Nxd6 12. h3 Bh5 13. O-O Qe7 14. Rc1 Nb6 15.
Re1 O-O 16. b3 Rae8 17. a4 Bf7 18. Qc2 Nbc8 19. Bd3 Ne4 20. Ne2 Ncd6 21. Nf4 g5
22. Ne2 Bg6 23. Nc3 Rf7 24. Nh2 Rg7 25. Nd1 f5 26. Nf1 g4 27. hxg4 fxg4 28. Nc3
Qh4 29. Nxe4 Nxe4 30. Qe2 Ng5 31. Bxg6 Rxg6 32. Ng3 Rf8 33. e4 Nf3+ 34. gxf3
gxf3 35. Qd2 Qh3 0-1

[Event "II Torneo A"]
[Site "Andria ITA"]
[Date "1998.05.02"]
[Round "4"]
[White "Cucinella, Vincenzo"]
[Black "Rotelli, Pietro"]
[Result "0-1"]
[WhiteElo "1971"]
[BlackElo "1734"]
[PlyCount "115"]
[EventDate "1998.05.01"]

1. d4 d5 2. Nf3 Nf6 3. e3 Bg4 4. c4 e6 5. Qb3 Bxf3 6. gxf3 b6 7. Nc3 c6 8. Be2
Nbd7 9. cxd5 exd5 10. Bd2 Be7 11. h4 h5 12. O-O-O b5 13. Rhg1 g6 14. Qc2 Qb6
15. Kb1 a5 16. e4 Nf8 17. exd5 Nxd5 18. Nxd5 cxd5 19. Qb3 Qd6 20. Bxb5+ Nd7 21.
Qa4 Ra7 22. Bg5 Bxg5 23. Rxg5 O-O 24. Rdg1 Rc8 25. Qb3 Nf6 26. Qd3 Rcc7 27. Re5
a4 28. a3 Rcb7 29. Be8 Nxe8 30. Rxe8+ Kh7 31. Ka2 Rb3 32. Qe2 Rab7 33. Rb1 Qf6
34. Qe5 Qxe5 35. Rxe5 Rxf3 36. Rxd5 Rf4 37. Rf1 Rxh4 38. Rd1 Rf4 39. Rd2 h4 40.
Rg5 Kh6 41. Rg1 Rd7 42. d5 Rd6 43. b3 axb3+ 44. Kxb3 g5 45. a4 Rb6+ 46. Ka3 Ra6
47. d6 Rfxa4+ 48. Kb3 Ra3+ 49. Kb4 Ra2 50. Rdd1 Ra8 51. Kb3 Rxf2 52. d7 Rd8 53.
Rge1 Rf3+ 54. Kb4 Rf4+ 55. Kc5 Kh5 56. Re8 Rxd7 57. Rxd7 f6 58. Rd1 0-1

[Event "II Torneo A"]
[Site "Andria ITA"]
[Date "1998.05.02"]
[Round "4"]
[White "Di Lascio, Savino"]
[Black "Coratella, Giuseppe"]
[Result "0-1"]
[WhiteElo "1864"]
[BlackElo "1882"]
[PlyCount "50"]
[EventDate "1998.05.01"]

1. Nf3 Nf6 2. g3 g6 3. Bg2 Bg7 4. O-O O-O 5. d3 d6 6. Nbd2 c5 7. c3 Nc6 8. e4
e5 9. Rb1 Be6 10. Qa4 Nd7 11. b4 Nb6 12. Qc2 cxb4 13. cxb4 Rc8 14. Nc4 Nd4 15.
Nxd4 exd4 16. Bb2 Nxc4 17. dxc4 Bxc4 18. Rfc1 Bxa2 19. Qxc8 Qxc8 20. Rxc8 Rxc8
21. Ra1 Bc4 22. Rxa7 d3 23. Bxg7 Kxg7 24. Rxb7 d2 25. Bf3 Ba6 0-1

[Event "II Torneo A"]
[Site "Andria ITA"]
[Date "1998.05.02"]
[Round "4"]
[White "Garofalo, Massimo"]
[Black "Capitelli, Paolo"]
[Result "1/2-1/2"]
[WhiteElo "1777"]
[BlackElo "1872"]
[PlyCount "66"]
[EventDate "1998.05.01"]

1. e4 c5 2. Nf3 e6 3. d4 cxd4 4. Nxd4 Nf6 5. Bd3 Nc6 6. Nxc6 bxc6 7. O-O d5 8.
exd5 cxd5 9. Bf4 Be7 10. Nd2 O-O 11. Re1 Bb7 12. Nb3 Rc8 13. Qd2 Bd6 14. h3 Qc7
15. Bxd6 Qxd6 16. Qe3 a6 17. Rad1 Kh8 18. c3 Nd7 19. Bf1 Qc7 20. Qg5 g6 21. Rd4
Qd8 22. Qh6 Qf6 23. Rh4 Qg7 24. Qe3 Rc7 25. Rb4 Ra8 26. Na5 Bc8 27. c4 d4 28.
Qe4 Raa7 29. Rd1 e5 30. Qd5 Qf8 31. Nc6 Rxc6 32. Qxc6 Qxb4 33. Qxc8+ Kg7
1/2-1/2

[Event "II Torneo A"]
[Site "Andria ITA"]
[Date "1998.05.02"]
[Round "4"]
[White "Genocchio, Daniele"]
[Black "Guerra, Vito Rocco"]
[Result "1-0"]
[WhiteElo "2155"]
[BlackElo "1801"]
[PlyCount "99"]
[EventDate "1998.05.01"]

1. e4 c5 2. c3 Nf6 3. e5 Nd5 4. Bc4 Nb6 5. Bb3 e6 6. Nf3 d6 7. exd6 Bxd6 8. O-O
Nc6 9. d4 cxd4 10. cxd4 O-O 11. Re1 Be7 12. Nc3 Nd5 13. a3 Nf6 14. Be3 a6 15.
Rc1 Qd6 16. Ba2 b5 17. d5 Nd8 18. b4 Re8 19. Bc5 Qb8 20. d6 Bf8 21. Bb1 Nb7 22.
Ne4 Rd8 23. Nxf6+ gxf6 24. Qd4 f5 25. Qf6 Bg7 26. Qe7 Rd7 27. Qe8+ Bf8 28. Ne5
Nxd6 29. Nxd7 Nxe8 30. Nxb8 Rxb8 31. Bxf5 Nf6 32. Bxf8 Kxf8 33. Red1 Bb7 34.
Bb1 h6 35. Ba2 Nd5 36. Bxd5 Bxd5 37. Rc7 Rb6 38. f3 Bc4 39. Kf2 Kg7 40. Rdd7 e5
41. a4 Rf6 42. a5 e4 43. Rb7 exf3 44. gxf3 Be6 45. Rd6 Kg6 46. Rxa6 Rf4 47.
Rxb5 Kg7 48. Rxe6 fxe6 49. a6 Rc4 50. a7 1-0

[Event "II Torneo A"]
[Site "Andria ITA"]
[Date "1998.05.02"]
[Round "4"]
[White "Palma, Antonio"]
[Black "Puglisi, Vincenzo"]
[Result "0-1"]
[WhiteElo "1681"]
[BlackElo "1849"]
[PlyCount "82"]
[EventDate "1998.05.01"]

1. d4 Nf6 2. c4 g6 3. Nf3 Bg7 4. g3 O-O 5. Bg2 d6 6. O-O Nbd7 7. Nc3 e5 8. e4
exd4 9. Nxd4 c6 10. Re1 Re8 11. Bg5 h6 12. Be3 Nc5 13. f3 a5 14. Qd2 Kh7 15.
Rad1 Qe7 16. Nc2 Bf8 17. Bf4 Qc7 18. Bxd6 Qb6 19. Kh1 Bxd6 20. Qxd6 Be6 21. b3
Nxb3 22. Rb1 Qc5 23. Qf4 Nh5 24. Qe3 Qxe3 25. Nxe3 Nc5 26. Rb2 Nd3 27. Reb1
Nxb2 28. Rxb2 Red8 29. Bf1 a4 30. e5 Ng7 31. Ne4 Nf5 32. Nxf5 gxf5 33. Nd6 Rd7
34. f4 a3 35. Rb3 b5 36. Rc3 bxc4 37. Bxc4 Bxc4 38. Rxc4 Rb8 39. Rxc6 Rb2 40.
Ra6 Rxa2 41. h3 Rc7 0-1

[Event "II Torneo A"]
[Site "Andria ITA"]
[Date "1998.05.03"]
[Round "5"]
[White "Cucinella, Vincenzo"]
[Black "Palma, Antonio"]
[Result "0-1"]
[WhiteElo "1971"]
[BlackElo "1681"]
[PlyCount "98"]
[EventDate "1998.05.01"]

1. d4 Nf6 2. Nf3 e6 3. e3 c5 4. Bd3 b6 5. Nbd2 Bb7 6. O-O Be7 7. Qe2 O-O 8. c3
d5 9. Ne5 Nbd7 10. f4 Ne4 11. Ndf3 f6 12. Ng4 Bd6 13. Bd2 Qe7 14. Be1 Rfe8 15.
a4 a6 16. c4 Kh8 17. Bh4 Nf8 18. Bg3 Nxg3 19. hxg3 Nd7 20. Nh4 Nf8 21. Nf2 g6
22. Ng4 Qg7 23. b3 Nd7 24. a5 e5 25. dxe5 fxe5 26. f5 e4 27. f6 Qf7 28. Bc2
Bxg3 29. Nh6 Qe6 30. N4f5 gxf5 31. Nxf5 Be5 32. Ng7 Qf7 33. Nxe8 Rxe8 34. Rad1
d4 35. Qg4 Nxf6 36. Qh4 d3 37. Bb1 Qg7 38. Rd2 Rg8 39. Rf5 Bc3 40. Rdf2 d2 41.
Bc2 Bc8 42. Rxf6 Bxf6 43. Qxf6 Qxf6 44. Rxf6 Bg4 45. Rf1 Be2 46. Ra1 Bf3 47.
axb6 Bxg2 48. Rxa6 Bf3+ 49. Kf2 Rb8 0-1